000 00563nam a2200193Ia 4500
005 20250326142841.0
008 250326s9999 xx 000 0 und d
020 _a1-930708-08-4
037 _aTextbook
040 _aFMSL
_beng
_cFMSL
041 _aeng
_2eng
084 _aX658(2:55) P2
_qFMSL
100 _aZee Han Van Der
_9746728
245 0 _aMeasuring the value of information technology
_cZee Han Van Der
260 _aUS
_bUS, Idea group publishing
_c2002
300 _a213p
942 _cTB
_hX658(2:55) P2
999 _c1296931
_d1296931